| 000 | 00694nam a22002297a 4500 | ||
|---|---|---|---|
| 005 | 20170124110238.0 | ||
| 010 | _aA-473312 | ||
| 020 |
_c00.00 _a0562494751 |
||
| 035 | _aA-473312 | ||
| 037 | _bCen Lib/Ret | ||
| 040 |
_aDPL _bEN |
||
| 082 |
_a820 _bWAL |
||
| 100 |
_aWalsh, William _992809 |
||
| 245 |
_aIndian literature in english / _cby William Walsh |
||
| 260 |
_aLondon _bLongman Group _c1990 |
||
| 270 |
_aLongman house, burtn mill, Harlow _bLondon |
||
| 300 |
_axi, 219p. _c21cm. |
||
| 500 | _aIncludes index | ||
| 650 |
_aIndian literature (English) -- History and criticism _992810 |
||
| 650 |
_aIndian literature _992811 |
||
| 942 |
_2ddc _cEN _h820 _mWAL |
||
| 999 |
_c135005 _d135005 |
||